[Event "2LD 24/25,Lipky HK B-Namest n/Osl A"]
[Site ""]
[Date "2025.02.23"]
[Round "9.7"]
[White "Vestfal, Jan"]
[Black "Miculka, David"]
[WhiteElo "2065"]
[BlackElo "2004"]
[Result "1-0"]
[PlyCount "119"]

1. d4 Nf6 2. Bg5 g6 3. Bxf6 exf6 4. e3 Bg7 5. g3 O-O 6. Bg2 d6 7. Ne2 f5 8. O-O
Nd7 9. c4 Nf6 10. Nbc3 c6 11. Qc2 Qc7 12. Rfd1 Bd7 13. b4 Rfe8 14. Rab1 Rac8
15. c5 d5 16. b5 b6 17. bxc6 Bxc6 18. cxb6 axb6 19. Qb3 Red8 20. Qxb6 Qd7 21.
Rdc1 Bf8 22. Qb3 Ne4 23. Nxe4 fxe4 24. Nc3 Ra8 25. Bf1 Ra3 26. Qc2 Qf5 27. Rb3
Rda8 28. Rxa3 Bxa3 29. Rb1 Rc8 30. Qb3 Be7 31. Rc1 Kg7 32. Ba6 Ra8 33. Qb6 Qd7
34. Nxe4 Rxa6 35. Qxa6 Bb5 36. Qb6 dxe4 37. Rc7 Qd6 38. Qxd6 Bxd6 39. Rb7 Be8
40. Kf1 Kf6 41. Ke2 Ke6 42. Kd2 Kd5 43. Kc3 Kc6 44. Rb2 Bd7 45. Rc2 Be6 46.
Kb2+ Kb5 47. Rc3 Bb4 48. Rc2 Ka4 49. Rc7 Be1 50. Rc2 Kb4 51. a3+ Kb5 52. Rc5+
Kb6 53. Rc2 h5 54. Re2 Ba5 55. Rc2 Kb5 56. Rc5+ Ka4 57. d5 Bb6 58. Rc4+ Kb5 59.
dxe6 Kxc4 60. e7 1-0

[Event "2LD 24/25,Lipky HK B-Namest n/Osl A"]
[Site ""]
[Date "2025.02.23"]
[Round "9.8"]
[White "Zezula, Rudolf"]
[Black "Novak, Radomir"]
[WhiteElo "2031"]
[BlackElo "2051"]
[Result "1-0"]
[PlyCount "79"]

1. e4 e6 2. d3 d5 3. Nd2 Nf6 4. Ngf3 c5 5. g3 Nc6 6. Bg2 Be7 7. O-O d4 8. a4 b6
9. Nc4 Bb7 10. Ne1 a6 11. a5 b5 12. Nb6 Rb8 13. Bd2 O-O 14. f4 Nd7 15. Nxd7
Qxd7 16. f5 e5 17. g4 f6 18. h4 Rfc8 19. g5 Bf8 20. Qg4 Kh8 21. Rf3 Ne7 22. Rg3
Ng8 23. Nf3 Qd6 24. Rf1 c4 25. h5 fxg5 26. Nxg5 Nh6 27. Qh3 Qf6 28. Ne6 Nf7 29.
h6 gxh6 30. Qg4 Be7 31. Qg7+ Qxg7 32. Rxg7 Bg5 33. Rxf7 Bxd2 34. Bh3 cxd3 35.
cxd3 Rg8+ 36. Kh2 Bxa5 37. f6 Bb4 38. Bf5 Rg6 39. Rg1 Bc8 40. Bxg6 1-0

[Event "2LD 24/25,Jihlava B-Vysoke Myto"]
[Site ""]
[Date "2025.02.23"]
[Round "9.1"]
[White "Seidl, Stepan"]
[Black "Sabol, Marian"]
[WhiteElo "2148"]
[BlackElo "2217"]
[Result "1/2-1/2"]
[PlyCount "57"]

1. e4 c5 2. Nf3 d6 3. c3 Nf6 4. Be2 Nbd7 5. d3 g6 6. O-O b6 7. Nbd2 Bb7 8. a4
a6 9. Re1 Bg7 10. b3 O-O 11. Bb2 Qc7 12. Bf1 Rac8 13. Rc1 Qb8 14. d4 cxd4 15.
cxd4 Rxc1 16. Qxc1 Bh6 17. Qd1 Rc8 18. Bd3 Nh5 19. Bf1 Qc7 20. Bd3 Nf4 21. Bb1
d5 22. e5 Nb8 23. Nf1 a5 24. Ne3 Ne6 25. h4 Na6 26. h5 Nb4 27. Ng4 Bg7 28. hxg6
hxg6 29. Qd2 1/2-1/2

[Event "2LD 24/25,Jihlava B-Vysoke Myto"]
[Site ""]
[Date "2025.02.23"]
[Round "9.2"]
[White "Vesely, Tomas"]
[Black "Vesely, Vitek"]
[WhiteElo "2019"]
[BlackElo "2180"]
[Result "1/2-1/2"]
[PlyCount "108"]

1. Nf3 Nf6 2. g3 b6 3. Bg2 Bb7 4. d3 e6 5. e4 d6 6. O-O c5 7. c4 Be7 8. Nc3 O-O
9. Re1 Nc6 10. d4 cxd4 11. Nxd4 Rc8 12. b3 Qc7 13. Bb2 a6 14. Rc1 Qb8 15. Nxc6
Bxc6 16. Nd5 Bxd5 17. exd5 e5 18. f4 Nd7 19. Bh3 f5 20. g4 Bf6 21. g5 Be7 22.
Qe2 Rce8 23. Rcd1 Bd8 24. Qc2 g6 25. Bg2 exf4 26. h4 Ne5 27. Rxe5 Rxe5 28. Bxe5
dxe5 29. d6 e4 30. b4 h6 31. c5 bxc5 32. bxc5 hxg5 33. Qc4+ Rf7 34. Qe6 Kg7 35.
Bf1 Rf6 36. Qd7+ Rf7 37. Qe6 Rf6 38. Qd7+ Rf7 39. Qe8 gxh4 40. Bc4 Rf6 41. Kh1
Rf8 42. Qe6 Qb2 43. Rg1 g5 44. c6 Qc3 45. Qd7+ Kh8 46. Bf1 h3 47. c7 Qf3+ 48.
Kh2 Qf2+ 49. Bg2 hxg2 50. Rxg2 Qh4+ 51. Kg1 Qe1+ 52. Kh2 Qh4+ 53. Kg1 Qe1+ 54.
Kh2 Qh4+ 1/2-1/2

[Event "2LD 24/25,Jihlava B-Vysoke Myto"]
[Site ""]
[Date "2025.02.23"]
[Round "9.3"]
[White "Zigo, Viktor"]
[Black "Trhal, Tomas"]
[WhiteElo "2161"]
[BlackElo "2026"]
[Result "1/2-1/2"]
[PlyCount "141"]

1. e4 c5 2. Nf3 d6 3. g3 Nf6 4. d3 Nc6 5. Bg2 e6 6. O-O Be7 7. Re1 O-O 8. c3 e5
9. Na3 a6 10. Nc2 Re8 11. d4 Bf8 12. d5 Ne7 13. a4 Bd7 14. h3 Ng6 15. a5 h6 16.
Nd2 b5 17. axb6 Qxb6 18. Nc4 Qc7 19. Na5 Nh7 20. Ne3 Be7 21. h4 Rab8 22. Qf3
Qc8 23. Nf5 Bxf5 24. Qxf5 Nf6 25. Nc6 Rb6 26. Qxc8 Rxc8 27. Bh3 Rc7 28. Bf1 Bf8
29. Rxa6 Rxa6 30. Bxa6 Ne7 31. Nxe7+ Bxe7 32. Bb5 Kf8 33. Bc6 Ra7 34. f3 Bd8
35. Kf2 Ke7 36. Ke2 Nh5 37. Kf2 Bb6 38. Kg2 Ra2 39. Kh3 Kf8 40. Bb5 Ra5 41. Bc4
Ra4 42. Bb3 Ra5 43. Bd1 Nf6 44. g4 Ra7 45. Be2 Nd7 46. Bb5 Ke7 47. Be3 Ra2 48.
Rb1 Ba7 49. Bxd7 Kxd7 50. Kg3 c4 51. Bxa7 Rxa7 52. f4 f6 53. g5 hxg5 54. hxg5
Ke7 55. Kg4 Kf7 56. f5 fxg5 57. Kxg5 Rb7 58. Kg4 Kf6 59. Kf3 g6 60. fxg6 Kxg6
61. Rg1+ Kf6 62. Rg2 Rb6 63. Rf2 Kg5 64. Ke3 Rb8 65. Rf7 Rxb2 66. Rg7+ Kf6 67.
Rc7 Rh2 68. Rxc4 Kg5 69. Rc6 Rh3+ 70. Kd2 Kf4 71. Rxd6 1/2-1/2

[Event "2LD 24/25,Jihlava B-Vysoke Myto"]
[Site ""]
[Date "2025.02.23"]
[Round "9.4"]
[White "Kosek, Marek"]
[Black "Skoda, Martin"]
[WhiteElo "2120"]
[BlackElo "2154"]
[Result "0-1"]
[PlyCount "60"]

1. d4 Nf6 2. Nf3 g6 3. g3 Bg7 4. Bg2 O-O 5. O-O d6 6. c4 Nbd7 7. Nc3 e5 8. e4
Re8 9. Re1 exd4 10. Nxd4 Ne5 11. b3 Bg4 12. f3 Bd7 13. Bg5 h6 14. Be3 a6 15.
Qd2 Kh7 16. Rad1 Ng8 17. Nd5 b5 18. cxb5 axb5 19. Ne2 c5 20. Ndf4 Ra6 21. Nd3
Nxd3 22. Qxd3 Qc8 23. Bf4 Rxa2 24. Bxd6 c4 25. Qd5 Be6 26. Qxb5 cxb3 27. Nc1
Ra1 28. Nxb3 Rxd1 29. Rxd1 Qc2 30. Re1 Rd8 0-1

[Event "2LD 24/25,Jihlava B-Vysoke Myto"]
[Site ""]
[Date "2025.02.23"]
[Round "9.5"]
[White "Seidl, Antonin"]
[Black "Jirsa, Lukas"]
[WhiteElo "2078"]
[BlackElo "2013"]
[Result "1-0"]
[PlyCount "47"]

1. e4 e6 2. d3 d5 3. Nd2 Nd7 4. Ngf3 b6 5. g3 Bb7 6. Bg2 c5 7. O-O g6 8. Re1
Ne7 9. exd5 Bxd5 10. Ne4 Bxe4 11. Rxe4 Bg7 12. d4 O-O 13. c3 Rc8 14. Bg5 Nf6
15. Re2 h6 16. Bd2 Nf5 17. dxc5 bxc5 18. Ne5 Qb6 19. Qb3 Rfd8 20. Nc4 Qa6 21.
Bb7 Qxc4 22. Qxc4 Nd6 23. Qa6 Rb8 24. Bf3 1-0

[Event "2LD 24/25,Jihlava B-Vysoke Myto"]
[Site ""]
[Date "2025.02.23"]
[Round "9.6"]
[White "Ptacek, Lubos"]
[Black "Jurek, Miroslav"]
[WhiteElo "2062"]
[BlackElo "2098"]
[Result "1/2-1/2"]
[PlyCount "58"]

1. e4 c6 2. d4 d5 3. exd5 cxd5 4. Nf3 Nc6 5. c3 Nf6 6. Bf4 Bf5 7. Bd3 Bxd3 8.
Qxd3 e6 9. Nbd2 Bd6 10. Bxd6 Qxd6 11. O-O O-O 12. Rfe1 a6 13. Ne5 Ne7 14. Re2
b5 15. a3 a5 16. Nb3 b4 17. cxb4 axb4 18. a4 Nd7 19. Nxd7 Qxd7 20. Nc5 Qd6 21.
b3 Nc6 22. Rc1 Qf4 23. Rd1 Rfc8 24. Rc2 g6 25. g3 Qf6 26. Rcd2 Qe7 27. Rc2 Qf6
28. Rcd2 Qe7 29. Rc2 Qf6 1/2-1/2

[Event "2LD 24/25,Jihlava B-Vysoke Myto"]
[Site ""]
[Date "2025.02.23"]
[Round "9.7"]
[White "Hrabal, Michal"]
[Black "Kosek, Jiri"]
[WhiteElo "2026"]
[BlackElo "1933"]
[Result "1/2-1/2"]
[PlyCount "50"]

1. e4 c6 2. Nf3 d5 3. Nc3 g6 4. d4 Bg7 5. h3 dxe4 6. Nxe4 Nd7 7. Bc4 Ngf6 8.
Nxf6+ Nxf6 9. Bf4 O-O 10. Qd2 a5 11. a4 Bf5 12. O-O Be4 13. Ne5 Bd5 14. Be2 Be6
15. Rad1 Nd5 16. Bh6 Qc7 17. Rfe1 Rad8 18. Bg4 Bxg4 19. Nxg4 Nf6 20. Bxg7 Kxg7
21. Qh6+ Kg8 22. Ne5 c5 23. Qf4 Nh5 24. Qe4 Nf6 25. Qf4 Nh5 1/2-1/2

[Event "2LD 24/25,Jihlava B-Vysoke Myto"]
[Site ""]
[Date "2025.02.23"]
[Round "9.8"]
[White "Lipavsky, Dusan"]
[Black "Pavlicek, Robert"]
[WhiteElo "1930"]
[BlackElo "1955"]
[Result "1/2-1/2"]
[PlyCount "138"]

1. e4 c5 2. c4 e6 3. Nc3 b6 4. g3 Bb7 5. Bg2 a6 6. Nge2 d6 7. O-O Nf6 8. d4
cxd4 9. Nxd4 Qc7 10. Qe2 Nbd7 11. Bd2 Be7 12. Rac1 O-O 13. b3 Rae8 14. Rfe1 Qb8
15. Na4 Bd8 16. Nb2 Bc7 17. Nd3 Nc5 18. Nxc5 bxc5 19. Nc2 Qa8 20. f3 Nd7 21.
Bc3 d5 22. cxd5 exd5 23. Qd2 d4 24. Bb2 a5 25. Nxd4 Rd8 26. Nf5 f6 27. Red1 Ne5
28. Qc2 Qa6 29. Ba3 Bb6 30. Kh1 g6 31. Nd6 Ba7 32. Nxb7 Qxb7 33. f4 Ng4 34. Qe2
h5 35. h3 Nh6 36. Bxc5 Rxd1+ 37. Qxd1 Rc8 38. Bxa7 Rxc1 39. Qxc1 Qxa7 40. Qd2
Qc7 41. Bf1 Kg7 42. Bb5 Nf7 43. Kg2 Nd6 44. Bd3 Qc5 45. Qe2 Nf7 46. Bc4 Nd6 47.
Be6 Qd4 48. e5 Ne4 49. exf6+ Kxf6 50. Bc4 Kg7 51. a3 Kh6 52. b4 axb4 53. axb4
Nd6 54. Bd3 Qxb4 55. Qe3 Qb2+ 56. Kf3 Qb7+ 57. Be4 Nxe4 58. Qxe4 Qb3+ 59. Qe3
Qd1+ 60. Kg2 Qc2+ 61. Qf2 Qe4+ 62. Kh2 Kh7 63. g4 hxg4 64. Qh4+ Kg7 65. Qxg4
Qc2+ 66. Kg3 Qc3+ 67. Qf3 Qe1+ 68. Kg4 Qe6+ 69. f5 Qxf5+ 1/2-1/2

[Event "2LD 24/25,Namest n/Osl B-Vysoke Myto"]
[Site ""]
[Date "2025.03.16"]
[Round "10.1"]
[White "Hladky, Tadeas"]
[Black "Sabol, Marian"]
[WhiteElo "2199"]
[BlackElo "2216"]
[Result "1-0"]
[PlyCount "61"]

1. e4 g6 2. d4 Nf6 3. e5 Nh5 4. Nc3 d5 5. h3 Ng7 6. Nf3 b6 7. Bh6 c6 8. Bd3 Na6
9. Qd2 Nc7 10. O-O Be6 11. a4 Qd7 12. Rfe1 O-O-O 13. a5 b5 14. a6 Nh5 15. Bxf8
Rdxf8 16. Na2 Kb8 17. Nb4 Na8 18. b3 Nb6 19. Bf1 Rc8 20. Re3 c5 21. dxc5 Rxc5
22. Nd4 Rhc8 23. Ra5 Ng7 24. Bxb5 Rxb5 25. Nxb5 d4 26. Nxd4 Nf5 27. Rd3 Nxd4
28. Rxd4 Qc7 29. Rb5 Ka8 30. c4 Bd7 31. Rxb6 1-0

[Event "2LD 24/25,Namest n/Osl B-Vysoke Myto"]
[Site ""]
[Date "2025.03.16"]
[Round "10.2"]
[White "Vesely, Tomas"]
[Black "Setina, Vaclav"]
[WhiteElo "2017"]
[BlackElo "2085"]
[Result "0-1"]
[PlyCount "64"]

1. Nf3 Nf6 2. g3 g6 3. Bg2 Bg7 4. O-O d6 5. c4 c5 6. d4 Nbd7 7. Nc3 Rb8 8. d5
a6 9. a4 O-O 10. Qc2 Qc7 11. Rb1 Ne5 12. Nxe5 dxe5 13. Rd1 Ne8 14. b3 Nd6 15.
e4 Bd7 16. Be3 f5 17. Bh3 b6 18. f4 fxe4 19. Bxd7 Qxd7 20. Rf1 Nf5 21. Nd1 Nd6
22. a5 exf4 23. gxf4 Qg4+ 24. Kh1 Qh3 25. Qg2 Qxg2+ 26. Kxg2 bxa5 27. Bxc5 Nxc4
28. Rf2 Rfc8 29. Bxe7 e3 30. Rc2 Nd2 31. Rbc1 Rxc2 32. Rxc2 e2 0-1

[Event "2LD 24/25,Namest n/Osl B-Vysoke Myto"]
[Site ""]
[Date "2025.03.16"]
[Round "10.3"]
[White "Miculka, Petr"]
[Black "Trhal, Tomas"]
[WhiteElo "1960"]
[BlackElo "2043"]
[Result "1-0"]
[PlyCount "87"]

1. e4 c5 2. Nf3 d6 3. c3 Nf6 4. h3 Nc6 5. Bd3 g6 6. Bc2 Bg7 7. O-O O-O 8. Re1
b5 9. d4 Bb7 10. d5 Ne5 11. Bf4 Nfd7 12. Nbd2 b4 13. cxb4 cxb4 14. Nd4 Rc8 15.
Be3 Nb6 16. b3 Ned7 17. Rc1 Nc5 18. f4 f5 19. exf5 Nxd5 20. Nf1 Nxe3 21. Rxe3
Qb6 22. Kh2 Ba6 23. Rxe7 Bxf1 24. Qxf1 Bf6 25. Ree1 Kh8 26. Nf3 gxf5 27. Bxf5
Rc7 28. g4 Rg7 29. Qf2 Bc3 30. Re2 Qd8 31. Nh4 Bf6 32. Nf3 Bc3 33. Rd1 Qf6 34.
Nh4 a5 35. Ng2 Ra7 36. Rd5 Ra6 37. Bc2 Ra7 38. Rf5 Qg7 39. Qe3 Raf7 40. Rh5 Qf6
41. g5 Qd8 42. g6 Rg7 43. gxh7 Rgf7 44. Nh4 1-0

[Event "2LD 24/25,Namest n/Osl B-Vysoke Myto"]
[Site ""]
[Date "2025.03.16"]
[Round "10.4"]
[White "Kosek, Marek"]
[Black "Simajchl, Adam"]
[WhiteElo "2116"]
[BlackElo "1834"]
[Result "0-1"]
[PlyCount "128"]

1. d4 Nf6 2. Nf3 d5 3. c4 e6 4. g3 Bb4+ 5. Bd2 Be7 6. Nc3 O-O 7. Qc2 Nc6 8. Bg2
dxc4 9. Rd1 Nxd4 10. Nxd4 Qxd4 11. Be3 Qe5 12. O-O c6 13. Nb1 Qb5 14. Na3 Bxa3
15. bxa3 Qa6 16. a4 Nd5 17. Bd2 c3 18. Bc1 Nb6 19. Rd4 e5 20. Rh4 f5 21. Qxc3
e4 22. f3 Nd5 23. Qc2 Qb6+ 24. Kh1 e3 25. Ba3 Rf7 26. Rd1 Bd7 27. Bh3 Re8 28.
Bc5 Qa5 29. Bd4 a6 30. Ba1 Qd8 31. Rhd4 Bc8 32. Qb3 Qc7 33. Qb2 Qe7 34. Qc2 Qg5
35. Bb2 Qe7 36. Ba1 Qg5 37. Qb3 Qe7 38. Bb2 Be6 39. Ba3 Qf6 40. Qc2 Bc8 41. f4
h5 42. Bg2 Be6 43. Bd6 h4 44. Be5 Qh6 45. gxh4 Qxh4 46. Bf3 Kh7 47. Rg1 Rh8 48.
Qc1 Kg8 49. Rg2 Qe7 50. Rg5 Nf6 51. Bxf6 Rxf6 52. Qxe3 Rfh6 53. Rg2 Kf7 54. Qe5
g6 55. Rd2 Qb4 56. Qc7+ Kf6 57. e4 fxe4 58. Qe5+ Kf7 59. Bxe4 Re8 60. Qg5 Qxe4
61. Qxh6 Qe1+ 62. Rg1 Qxd2 63. Qh7+ Kf8 64. Qh8+ Ke7 0-1

[Event "2LD 24/25,Namest n/Osl B-Vysoke Myto"]
[Site ""]
[Date "2025.03.16"]
[Round "10.5"]
[White "Zezula, Matej"]
[Black "Kosek, Jiri"]
[WhiteElo "1871"]
[BlackElo "1939"]
[Result "0-1"]
[PlyCount "126"]

1. e4 c5 2. Be2 Nc6 3. c3 d6 4. d3 g6 5. f4 e6 6. Nf3 Bg7 7. O-O Nge7 8. Be3
O-O 9. Nbd2 b5 10. d4 cxd4 11. cxd4 a6 12. a4 b4 13. Nb3 Bb7 14. a5 Qd7 15. Qd2
Rac8 16. Rfd1 Kh8 17. Ne1 f5 18. d5 exd5 19. exd5 Nxd5 20. Bf2 Nce7 21. Rab1
Rfd8 22. Nc2 Nf6 23. Nxb4 Ne4 24. Qe1 Nxf2 25. Kxf2 Qe6 26. Nd4 Qe4 27. Nf3 Nc6
28. Nxc6 Rxc6 29. Bd3 Bd4+ 30. Kg3 Qxe1+ 31. Rxe1 Bf6 32. Re6 Kg7 33. b4 Rc3
34. Bf1 Be4 35. Rd1 Rc6 36. b5 axb5 37. Bxb5 Rc5 38. Bf1 Bd5 39. Re3 Rxa5 40.
Red3 Bc4 41. R3d2 Bxf1 42. Rxf1 h6 43. Rfd1 d5 44. Rd3 Kf7 45. Ne1 Rc5 46. Nf3
Ke6 47. Rb1 g5 48. Rb6+ Rd6 49. Rb7 d4 50. fxg5 hxg5 51. Rb2 Rc3 52. Re2+ Kd5
53. Red2 Rxd3 54. Rxd3 Rc6 55. h3 Ke4 56. Rd1 Rc3 57. Kf2 Rc2+ 58. Kg3 f4+ 59.
Kh2 d3 60. Re1+ Re2 61. Nd2+ Ke3 62. Nf3 Rxe1 63. Nxe1 d2 0-1

[Event "2LD 24/25,Namest n/Osl B-Vysoke Myto"]
[Site ""]
[Date "2025.03.16"]
[Round "10.6"]
[White "Dosedel, Jiri"]
[Black "Hladky, Mikulas"]
[WhiteElo "2019"]
[BlackElo "1807"]
[Result "1/2-1/2"]
[PlyCount "63"]

1. Nf3 d5 2. g3 g6 3. Bg2 Bg7 4. O-O Nf6 5. d3 O-O 6. Nbd2 c5 7. e4 e6 8. c3
Nc6 9. Re1 dxe4 10. dxe4 Qc7 11. Qc2 b6 12. Nc4 e5 13. Bg5 Be6 14. Ne3 Ne8 15.
Nd5 Qb7 16. Rad1 f6 17. Bc1 Nc7 18. b3 Rad8 19. Nxc7 Qxc7 20. Rxd8 Rxd8 21. Rd1
Rxd1+ 22. Qxd1 c4 23. b4 b5 24. Be3 Bf8 25. h3 a5 26. a3 axb4 27. axb4 Qc8 28.
Kh2 Nb8 29. Ne1 Nd7 30. Nc2 Qc6 31. Qd2 Be7 32. Qd1 1/2-1/2

[Event "2LD 24/25,Namest n/Osl B-Vysoke Myto"]
[Site ""]
[Date "2025.03.16"]
[Round "10.7"]
[White "Kavanova, Anezka"]
[Black "Lipavsky, Dusan"]
[WhiteElo "1713"]
[BlackElo "1926"]
[Result "1-0"]
[PlyCount "42"]

1. e4 c6 2. d4 d5 3. f3 dxe4 4. fxe4 e5 5. Nf3 exd4 6. Bc4 Qe7 7. O-O f6 8. e5
f5 9. Ng5 Nh6 10. e6 Qf6 11. Ne4 Qe5 12. Bxh6 fxe4 13. Bf4 Qc5 14. Bb3 Be7 15.
Qe1 e3 16. Qg3 O-O 17. Bxb8 Rxf1+ 18. Kxf1 Rxb8 19. Nd2 Ra8 20. Nf3 Qf5 21. Kg1
Qe4 1-0

[Event "2LD 24/25,Namest n/Osl B-Vysoke Myto"]
[Site ""]
[Date "2025.03.16"]
[Round "10.8"]
[White "Marinov, Peter"]
[Black "Kotisa, Jan"]
[WhiteElo "1831"]
[BlackElo "1817"]
[Result "1/2-1/2"]
[PlyCount "49"]

1. d4 d5 2. e3 c5 3. c3 Nc6 4. Bd3 Nf6 5. f4 e6 6. Nf3 Be7 7. O-O O-O 8. Nbd2
c4 9. Bc2 b5 10. a3 a5 11. Ne5 Qc7 12. Rf3 Bb7 13. Rh3 g6 14. g4 Nxe5 15. dxe5
Ne4 16. g5 Kg7 17. Qg4 Nxd2 18. Bxd2 Rh8 19. Rh6 Bf8 20. Rh3 Be7 21. Rg3 Qc6
22. Kf2 h5 23. Qe2 Qb6 24. Rgg1 Bc5 25. h4 1/2-1/2

[Event "2LD 24/25,Namest n/Osl A-Jihlava B"]
[Site ""]
[Date "2025.03.16"]
[Round "10.1"]
[White "Walek, Petr"]
[Black "Seidl, Stepan"]
[WhiteElo "2251"]
[BlackElo "2132"]
[Result "1-0"]
[PlyCount "77"]

1. e4 d6 2. d4 Nf6 3. Nc3 g6 4. Be3 c6 5. h3 Nbd7 6. f4 b5 7. a3 a6 8. e5 Nd5
9. Nxd5 cxd5 10. Bd3 f5 11. Bxf5 Nxe5 12. Bxc8 Nc4 13. Be6 Nxe3 14. Qe2 Nf5 15.
Bxf5 gxf5 16. Qh5+ Kd7 17. Qxf5+ e6 18. Qh5 Qa5+ 19. c3 Rg8 20. g4 Rg7 21. Nf3
Be7 22. f5 Qa4 23. Qh6 Rgg8 24. Qxe6+ Kc6 25. O-O h5 26. Ne5+ Kb6 27. Qxe7 dxe5
28. Qd6+ Kb7 29. Qxd5+ Kb6 30. Qc5+ Kb7 31. Qd5+ Kb6 32. Qe6+ Kb7 33. Qf7+ Kb6
34. Qe6+ Kb7 35. Qf7+ Kb6 36. b3 Qa5 37. c4 Qc3 38. c5+ Kc6 39. d5+ 1-0

[Event "2LD 24/25,Namest n/Osl A-Jihlava B"]
[Site ""]
[Date "2025.03.16"]
[Round "10.2"]
[White "Vesely, Vitek"]
[Black "Richterova, Natasa"]
[WhiteElo "2175"]
[BlackElo "2130"]
[Result "0-1"]
[PlyCount "120"]

1. d4 d5 2. c4 c6 3. Nf3 Nf6 4. e3 Bf5 5. Nc3 e6 6. Nh4 Be4 7. f3 Bg6 8. g3 Be7
9. Qb3 Qb6 10. Nxg6 hxg6 11. Bd2 Nbd7 12. O-O-O Bd6 13. Be2 Qxb3 14. axb3 Bb4
15. Be1 a5 16. Bf2 Ke7 17. h4 Rac8 18. Kb1 Rhd8 19. g4 Rh8 20. Rc1 Ra8 21. Rhd1
Rac8 22. Rc2 Ra8 23. Rdc1 Rhe8 24. c5 e5 25. Na2 exd4 26. exd4 Nf8 27. Rd1 Ne6
28. Bg3 Kd7 29. Bf1 Rh8 30. Bg2 Rae8 31. Bf1 Nc7 32. Rh2 Re3 33. Rd3 Rhe8 34.
Nxb4 axb4 35. Kc2 R3e7 36. Bf2 Ra8 37. Rd1 Ne6 38. Be1 Nxd4+ 39. Rxd4 Rxe1 40.
Bh3 Kc7 41. Rxb4 Ra5 42. Rf4 Rxc5+ 43. Kd2 Re7 44. Bf1 Ra5 45. h5 Ra2 46. Kc2
gxh5 47. gxh5 Ne8 48. h6 gxh6 49. Rxh6 Ra1 50. Bd3 Rg1 51. b4 Kb6 52. b5 Re6
53. Rh8 Rg2+ 54. Kb1 Rd2 55. Bh7 Re1+ 56. Ka2 Kxb5 57. Rxf7 b6 58. Bf5 Nd6 59.
Rf6 Nc4 60. Be4 Rxb2# 0-1

[Event "2LD 24/25,Namest n/Osl A-Jihlava B"]
[Site ""]
[Date "2025.03.16"]
[Round "10.3"]
[White "Kratochvil, Vit"]
[Black "Bukacek, Lubomir"]
[WhiteElo "2225"]
[BlackElo "2101"]
[Result "1-0"]
[PlyCount "71"]

1. e4 e6 2. d3 d5 3. Nd2 c5 4. Ngf3 Nc6 5. g3 Nf6 6. Bg2 Be7 7. O-O O-O 8. e5
Nd7 9. Re1 Qc7 10. Qe2 b5 11. h4 Bb7 12. Nf1 Rac8 13. Bf4 b4 14. N1h2 Ba6 15.
Ng4 Qb6 16. Qd2 c4 17. Bh6 Nd4 18. dxc4 Nxf3+ 19. Bxf3 Rxc4 20. Bg5 Bxg5 21.
Qxg5 Rxc2 22. h5 Kh8 23. Qe7 Qd8 24. Qxb4 Rc4 25. Qa3 Qc8 26. h6 g6 27. b3 Rc5
28. Rac1 Bd3 29. b4 Rxc1 30. Rxc1 Bc4 31. Qxa7 Nb8 32. Qe7 Qd8 33. Qd6 Bxa2 34.
Rc7 Qxd6 35. exd6 f6 36. Nxf6 1-0

[Event "2LD 24/25,Namest n/Osl A-Jihlava B"]
[Site ""]
[Date "2025.03.16"]
[Round "10.4"]
[White "Seidl, Antonin"]
[Black "Zezula, Jakub"]
[WhiteElo "2090"]
[BlackElo "2165"]
[Result "0-1"]
[PlyCount "118"]

1. e4 e5 2. Nf3 Nc6 3. d4 exd4 4. Bc4 Nf6 5. O-O Nxe4 6. Re1 d5 7. Bxd5 Qxd5 8.
Nc3 Qh5 9. Nxe4 Be7 10. Bg5 Bg4 11. Bxe7 Nxe7 12. Qxd4 Bxf3 13. gxf3 O-O 14.
Ng3 Nf5 15. Qe4 Nxg3 16. hxg3 c6 17. Rad1 h6 18. Rd7 Qb5 19. b3 Rad8 20. Red1
Qg5 21. f4 Qa5 22. a4 Rde8 23. Re7 Qh5 24. Rdd7 Rxe7 25. Qxe7 Qf5 26. Rd2 Qa5
27. Rd3 b5 28. Qe5 Qb6 29. axb5 cxb5 30. Rd5 a6 31. Rd6 Qb7 32. f5 Qc8 33. c3
Re8 34. Qd4 Qxf5 35. Rd8 Rxd8 36. Qxd8+ Kh7 37. b4 Qb1+ 38. Kg2 Qe4+ 39. Kg1
Qe1+ 40. Kg2 Qxc3 41. Qe7 Qc6+ 42. Kg1 Qe6 43. Qc5 f5 44. Kh2 Qe4 45. Qd6 Qf3
46. Kg1 Qg4 47. Kh2 h5 48. Kh1 h4 49. gxh4 Qxh4+ 50. Kg2 Qg4+ 51. Kf1 Qc4+ 52.
Kg2 Qe4+ 53. f3 Qh4 54. f4 Qg4+ 55. Kf2 Qh4+ 56. Kf3 Qe1 57. Qd3 Qh1+ 58. Kg3
Qg1+ 59. Kf3 Qg4+ 0-1

[Event "2LD 24/25,Namest n/Osl A-Jihlava B"]
[Site ""]
[Date "2025.03.16"]
[Round "10.5"]
[White "Mrazik, Tomas"]
[Black "Jurek, Miroslav"]
[WhiteElo "1994"]
[BlackElo "2099"]
[Result "1/2-1/2"]
[PlyCount "35"]

1. Nf3 c6 2. c4 d5 3. g3 e6 4. Qc2 f5 5. Bg2 Nf6 6. O-O Be7 7. d4 O-O 8. Nbd2
Ne4 9. Ne5 Nxd2 10. Bxd2 Nd7 11. Bf4 Nxe5 12. Bxe5 Bd6 13. Bxd6 Qxd6 14. Qc3
Bd7 15. b4 f4 16. c5 Qe7 17. e4 Qf7 18. Rfe1 1/2-1/2

[Event "2LD 24/25,Namest n/Osl A-Jihlava B"]
[Site ""]
[Date "2025.03.16"]
[Round "10.6"]
[White "Mouryc, Tomas"]
[Black "Kosut, Tomas"]
[WhiteElo "1940"]
[BlackElo "1945"]
[Result "1-0"]
[PlyCount "71"]

1. e4 c6 2. d4 d5 3. exd5 cxd5 4. Nf3 Bf5 5. Ne5 Nf6 6. Bb5+ Nbd7 7. g4 Be6 8.
f4 a6 9. Be2 g6 10. Rf1 Nxe5 11. dxe5 Ne4 12. f5 Qa5+ 13. b4 Qxb4+ 14. c3 Nxc3
15. Nxc3 Qxc3+ 16. Bd2 Qxe5 17. fxe6 Qxe6 18. Qa4+ b5 19. Qd4 f6 20. Rd1 Rd8
21. Ba5 Rd7 22. Rf3 Bh6 23. h4 O-O 24. h5 Qd6 25. hxg6 hxg6 26. Rh3 Kg7 27. Bb4
Qe6 28. Kf2 Rdd8 29. Rdh1 Rh8 30. Bf3 Rc8 31. Re1 Rc2+ 32. Kf1 Be3 33. Rxe3
Qxe3 34. Qxe3 Rxh3 35. Qxe7+ Kh6 36. Qxf6 1-0

[Event "2LD 24/25,Namest n/Osl A-Jihlava B"]
[Site ""]
[Date "2025.03.16"]
[Round "10.7"]
[White "Miculka, David"]
[Black "Fisar, Josef"]
[WhiteElo "2007"]
[BlackElo "2053"]
[Result "0-1"]
[PlyCount "46"]

1. e4 c5 2. Nf3 Nc6 3. Bb5 g6 4. Bxc6 bxc6 5. O-O Bg7 6. d3 d6 7. h3 e5 8. b3
f5 9. Bb2 Nf6 10. exf5 gxf5 11. Nbd2 O-O 12. Nc4 Nd5 13. Kh2 Rf6 14. g3 Rg6 15.
Qe2 Rb8 16. Rae1 Rh6 17. h4 Rb7 18. Bc1 f4 19. Rh1 Bg4 20. Bd2 Rf7 21. gxf4
Nxf4 22. Bxf4 Rxf4 23. Ncd2 Qf6 0-1

[Event "2LD 24/25,Namest n/Osl A-Jihlava B"]
[Site ""]
[Date "2025.03.16"]
[Round "10.8"]
[White "Motacek, Vladimir"]
[Black "Zezula, Rudolf"]
[WhiteElo "1958"]
[BlackElo "2031"]
[Result "0-1"]
[PlyCount "58"]

1. e4 c5 2. Nf3 e6 3. d4 cxd4 4. Nxd4 a6 5. Nc3 Qc7 6. Be2 Nf6 7. a3 Be7 8. Be3
O-O 9. Qd2 b5 10. O-O Bb7 11. Bf3 d6 12. g3 Nbd7 13. Rfe1 Rac8 14. Nde2 Ne5 15.
Bg2 Nc4 16. Qc1 Ng4 17. Bd2 Qb6 18. Rf1 f5 19. h3 Nxf2 20. Rxf2 fxe4 21. Nd1
Rxf2 22. Nxf2 Nxd2 23. Qxd2 e3 24. Qd4 exf2+ 25. Kf1 Bxg2+ 26. Kxg2 Qc6+ 27.
Kxf2 Rf8+ 28. Ke1 Qh1+ 29. Ng1 Qg2 0-1

[Event "2LD 24/25,Rychnov n/Kn-Lipky HK B"]
[Site ""]
[Date "2025.03.16"]
[Round "10.1"]
[White "Sabuk, Piotr"]
[Black "Jares, Michal"]
[WhiteElo "2314"]
[BlackElo "2268"]
[Result "1-0"]
[PlyCount "175"]

1. d4 d5 2. c4 e6 3. Nc3 Nf6 4. cxd5 exd5 5. Bg5 c6 6. e3 Bd6 7. Bd3 O-O 8. Nf3
Re8 9. Qc2 h6 10. Bh4 a5 11. Bg3 Bxg3 12. hxg3 Be6 13. Kf1 Nbd7 14. Re1 Qb8 15.
a4 Qd6 16. Rh4 Rad8 17. Kg1 Bg4 18. Nd2 h5 19. Nb3 b6 20. Rc1 Nf8 21. Nd2 g6
22. Nf1 Kg7 23. Ne2 Bd7 24. Nd2 Ng4 25. Nf4 Re7 26. Qb3 Rb8 27. Qc3 Rbe8 28.
Nf3 Kg8 29. Bf1 f6 30. Rh1 Kg7 31. Bd3 Rc8 32. Qb3 Rb8 33. Kf1 Qb4 34. Qxb4
axb4 35. Ke2 Be8 36. b3 Ne6 37. Rc2 Ra8 38. Rhc1 Raa7 39. Kf1 Ra5 40. Nxe6+
Rxe6 41. Ne1 g5 42. Be2 Rd6 43. Nd3 b5 44. Rc5 Ra8 45. axb5 cxb5 46. Nxb4 Ra3
47. Bd1 f5 48. Nxd5 Bf7 49. Nc3 Rda6 50. Rxb5 Ra1 51. Rxa1 Rxa1 52. Ke2 Kf6 53.
Rb4 Rc1 54. Kd2 Ra1 55. f3 Nh2 56. Ra4 Nf1+ 57. Ke2 Nxg3+ 58. Ke1 Rxa4 59. bxa4
Bc4 60. a5 g4 61. Ne2 Nh1 62. Nf4 Ng3 63. Kf2 Nh1+ 64. Kg1 Ng3 65. Bc2 Nf1 66.
e4 fxe4 67. fxe4 Kg5 68. Bd3 Nd2 69. g3 Nf3+ 70. Kf2 Bxd3 71. Nxd3 Nxd4 72. a6
Nb5 73. e5 Kf5 74. Ke3 Na7 75. Kd4 Nc8 76. Ke3 Na7 77. Kd4 Nc8 78. Ne1 Ne7 79.
Ng2 Nc8 80. Nh4+ Ke6 81. Ke4 Kd7 82. Kf5 Ne7+ 83. Kf6 Nd5+ 84. Kf7 Kc6 85. e6
Kb6 86. e7 Nxe7 87. Kxe7 Kxa6 88. Kf6 1-0